Statistics for Top 20 Crystal Palace Goalscorers in the Premier League

Click here to take the quiz!

General Stats

  • This quiz has been taken 14 times
  • The average score is 8 of 23

Answer Stats

NPlayerNationalityGoals% Correct
1Wilfried ZahaIvorian68
100%
2Christian BentekeBelgian35
91%
6Jordan AyewGhanaian18
91%
10Eberechi EzeEnglish15
64%
16Jean-Philipp MatetaFrench11
55%
5Andrew JohnsonEnglish21
45%
8Jeffrey SchluppGhanaian16
45%
3Luka MilivojevicSerbian28
45%
15Andros TownsendEnglish12
36%
7James McArthurEnglish17
27%
17James TomkinsEnglish10
27%
10Jason PuncheonEnglish15
27%
18Yannik BolasieCongolese9
27%
4Chris ArmstrongEnglish23
18%
20Glenn MurrayEnglish8
18%
8Odsonne EdouardFrench16
18%
13Patrick Van AanholtDutch13
18%
13Scott DannEnglish13
18%
10Dwight GayleEnglish15
9%
18Yohan CabayeFrench9
9%
20Connor WIckhamEnglish8
0%
20Conor GallagherEnglish8
0%
20Eddie McGoldrickIrish8
0%

Score Distribution

Percentile by Number Answered

Percent of People with Each Score

Your Score History

You have not taken this quiz